Corazones perdidos / (Registro nro. 30731)

Detalles MARC
000 -LÍDER
campo de control de longitud fija 00791nam a22002537a 4500
005 - FECHA Y HORA DE LA ÚLTIMA
campo de control 20250619103522.0
008 - ELEMENTOS DE DATOS DE LONGITUD FIJA - INFORMACIÓN GENERAL
campo de control de longitud fija 240403b |||||||| |||| 00| 0 eng d
020 ## - NÚMERO INTERNACIONAL NORMALIZADO DEL LIBRO
Número de libro estándar internacional 8422612208
037 ## - FUENTE DE ADQUISICIÓN
Materials specified Donación
040 ## - FUENTE DE CATALOGACIÓN
Agencia de catalogación original CO-JMCR
Agencia de transcripción CO-JMCR
Agencia modificadora CO-JMCR
Convenciones de descripción rda
041 ## - CÓDIGO DE IDIOMA
Código de idioma del texto/pista de sonido o título independiente spa
082 ## - NÚMERO DE CLASIFICACIÓN DECIMAL DEWEY
Número de clasificación A-N
Número de artículo KONc
100 ## - ENTRADA PRINCIPAL - NOMBRE PERSONAL
Término relativo autor
Nombre personal Konsalik, Heinz Gumther
9 (RLIN) 43633
245 ## - DECLARACIÓN DEL TÍTULO
Título Corazones perdidos /
Declaración de responsabilidad, etc. Heinz G. Konsalik
246 ## - FORMA VARIABLE DEL TÍTULO
Título propiamente dicho/título corto Haus der verborenen herzen
260 ## - PUBLICACIÓN, DISTRIBUCIÓN, ETC.
Lugar de publicación, distribución, etc. Bogotá
Nombre del editor, distribuidor, etc. Circulo de lectores
Fecha de publicación, distribución, etc. 1979
300 ## - DESCRIPCIÓN FÍSICA
Medida 316 páginas
Dimensiones 21 cm
500 ## - NOTA GENERAL
Nota general Incluye datos biográficos del autor
650 ## - ENTRADA AÑADIDA DE ASUNTO - TÉRMINO TEMÁTICO
Fuente del encabezado o término JMCR
-- Literatura alemana
9 (RLIN) 817
650 ## - ENTRADA AÑADIDA DE ASUNTO - TÉRMINO TEMÁTICO
Fuente del encabezado o término JMCR
-- Novela alemana
9 (RLIN) 816
650 ## - ENTRADA AÑADIDA DE ASUNTO - TÉRMINO TEMÁTICO
Fuente del encabezado o término JMCR
-- Amor en la lliteratura
9 (RLIN) 43634
700 ## - ENTRADA AGREGADA - NOMBRE PERSONAL
Nombre personal Teresa Parodi
Término relativo Traductor
9 (RLIN) 43635
942 ## - ELEMENTOS DE ENTRADA AÑADIDOS (KOHA)
Source of classification or shelving scheme Dewey Decimal Classification
Tipo de artículo Koha Books
999 ## -
-- 30731
-- 17115
Existencias
Estado retirado